=LDR 00000nam 2200000 4500 =001 INLIS000000000015151 =005 20200630075100 =035 ##$$a 0010-061300000015151 =008 200630################g##########0#ind## =041 ##$$a Ind =082 ##$$a 2x5.1 =090 ##$$a 2X3.1, QOS-t =100 ##$$a Qosim, Tarmana Abdul =245 1#$$a 79 Kriteria Keimanan : $b Barometer Pribadi Insan Kamil /$c Drs. Tarmana Abdul Qosim =260 ##$$a Bandung :$b Trigenda karya,$c 1993 =300 ##$$a 361 hlm, ; $c 14 x 19,5 cm =650 #4$$a Iman - islam =850 ##$$a NBPNMAT =020 ##$$a 979-8422-26-0 =084 ##$$a 2x5.1 QOS t =504 ##$$a Bibliografi : hlm,359-360 =520 ##$$a Biografi : hlm, 361 =990 ##$$a 126.202/pro-98 =990 ##$$a 126.202/pro-98